Statistics for Animals beginning with the letter R

Click here to take the quiz!

General Stats

  • This quiz has been taken 84 times
  • The average score is 7 of 11

Answer Stats

ClueAnimal% Correct
Bugs BunnyRabbit
100%
Looks like a large mouseRat
95%
Santa had 9 of themReindeer
89%
The only difference between this and a crow is that it is biggerRaven
75%
Wile E. Coyote's nemesisRoad Runner
73%
Mammal with horns made of KeratinRhinoceros
67%
Serpent with a musical tailRattlesnake
64%
Bird. "Rockin' _____"Robin
64%
"Burglar" mammal known to wash it's food before eating itRaccoon
58%
Large flightless bird endemic to South AmericaRhea
35%
Also known as a fire fox in NepalRed Panda
27%

Score Distribution

Percentile by Number Answered

Percent of People with Each Score

Your Score History

You have not taken this quiz